[Event "RUS Cup U13 Girls final"]
[Site "Bryansk"]
[Date "2019.01.10"]
[Round "7"]
[White "Borodkina, Sofia"]
[Black "Kramarenko, Ekaterina"]
[Result "1-0"]
[WhiteElo "1574"]
[BlackElo "1558"]
[PlyCount "71"]
[EventDate "2019.01.04"]
[EventType "tourn"]
[EventRounds "7"]
[EventCountry "RUS"]
[SourceTitle "CBM 189 Extra"]
[Source "ChessBase"]
[SourceDate "2019.06.03"]
[SourceVersion "1"]
[SourceVersionDate "2019.06.03"]
[SourceQuality "1"]

1. d4 d5 2. Nf3 Nf6 3. Bf4 c5 4. c3 Qb6 5. Qc1 e6 6. e3 Be7 7. Bd3 0-0 8. Nbd2 Nbd7 9. h3 Re8 10. 0-0 Nf8 11. Ne5 Bd7 12. Ndf3 Nh5 13. Bh2 h6 14. g4 Nf6 15. g5 Ne4 16. gxh6 gxh6 17. Kh1 f6 18. Rg1+ Kh7 19. Qc2 Bc6 20. Nxc6 Qxc6 21. Nd2 f5 22. Nxe4 dxe4 23. Bf1 cxd4 24. exd4 Ng6 25. Bg2 Nh4 26. Qe2 Nxg2 27. Rxg2 Bd6 28. Qh5 Rg8 29. Rag1 Bg3 30. Bxg3 Rg5 31. Qf7+ Rg7 32. Qxg7+ Kxg7 33. Be5+ Kf7 34. Rg7+ Ke8 35. Rg8+ Kd7 36. R1g7# 1-0